00393nam a2200145Ia 450000500170000000800410001708200150005810000180007324500580009126000480014930000170019765000130021465000120022765000080023920240726070608.0240331s9999 xx 000 0 und d a294.3bNAR aNarada thera, 4aThe Buddha-Dhamma :bthe life Teachings of the Buddha aNew DelhibAsian Educational Servicesc1991 avi, 337 p ., aBuddhism aRituals aLaw